Technologická analýza výrobného procesu v podniku diplomová práca

Gespeichert in:
Bibliographische Detailangaben
1. Verfasser: Beleš, Patrik
Körperschaft: Fakulta podnikového manažmentu EU. Katedra manažmentu výroby a logistiky - zrušená
Weitere Verfasser: Dupaľ, Andrej
Format: Buch
Sprache:Slowakisch
Veröffentlicht: Bratislava 2011
Tags: Tag hinzufügen
Keine Tags, Fügen Sie das erste Tag hinzu!

MARC

LEADER 00000nbm a2200000 4500
001 0131410
005 20161109101701.2
041 0 |a slo 
044 |a SK 
245 1 0 |a Technologická analýza výrobného procesu v podniku  |b diplomová práca  |c Patrik Beleš ; školiteľ: Andrej Dupaľ 
264 1 |a Bratislava  |c 2011 
300 |a 66 s. 
100 1 |a Beleš, Patrik 
700 1 |a Dupaľ, Andrej 
710 2 |a Fakulta podnikového manažmentu EU. Katedra manažmentu výroby a logistiky - zrušená